• 首页
  • 本馆介绍
  • 公告通知
  • 最新文献
  • 馆藏检索
  • 电子资源
  • 读者导购
  • 参考咨询
  • 我的图书馆
  • 登录
  • 详细信息显示
  • 放入我的书架
  • 预约/预借图书
  • 作者相关作品
  • 分类相关作品
  • 丛书相关作品
  • 出版社相关作品

书目信息

  • 表格格式
  • 工作单格式
  • 卡片格式
题名:
情报学进展
    
 
作者: 王忠军 主编 ;中国国防科学技术信息学会 主编
分册: 第十一卷   2014-2015年度评论
出版信息: 北京   国防工业出版社  2016
页数: 302页
开本: 24cm
丛书名:
单 册:
中图分类: G250.2
科图分类:
主题词: 情报学--qing bao xue--研究进展--2013-2015
电子资源:
ISBN: 978-7-118-11029-6
000 01298nam0 22002771 450
001 1754470059
005 20170522155146.34
010    @a978-7-118-11029-6@dCNY38.00
100    @a20170215d2016 em y0chiy50 ea
101 0  @achi
102    @aCN@b110000
105    @ay z 000yy
106    @ar
200 1  @a情报学进展@9qing bao xue jin zhan@h第十一卷@i2014-2015年度评论@f中国国防科学技术信息学会[主编]
210    @a北京@c国防工业出版社@d2016
215    @a302页@d24cm
312    @a封面英文共同题名:Advances in information science
314    @a主编:王忠军
330    @a本书选取在国内、国际上有一定研究成果,或有一定应用的课题,利于回顾,利于引导相关研究。主要内容有:信息生态学的研究进展,文献计量分析视角下的情报学理论研究进展,我国情报学教育发展透析,补充计量学的发展及应用,移动技术应用领域信息服务相关研究进展,社会舆情分析研究与进展综述,大数据时代:思维变革、产业转型与数据科学兴起,国内外开放获取进展,信息质量评价研究进展等。
517 1  @a2014-2015年度评论@92014-2015nian du ping lun
606 0  @a情报学@9qing bao xue@x研究进展@z2013-2015
690    @aG250.2@v5
701  0 @a王忠军@9wang zhong jun@4主编
712 02 @a中国国防科学技术信息学会@9zhong guo guo fang ke xue ji shu xin xi xue hui@4主编
801  0 @aCN@b百万庄@c20170512
905    @b1005078-83@dG250.2@e147:11@f6
    
    情报学进展.第十一卷.2014-2015年度评论/中国国防科学技术信息学会[主编].-北京:国防工业出版社,2016
    302页;24cm
    
    
    ISBN 978-7-118-11029-6:CNY38.00
    本书选取在国内、国际上有一定研究成果,或有一定应用的课题,利于回顾,利于引导相关研究。主要内容有:信息生态学的研究进展,文献计量分析视角下的情报学理论研究进展,我国情报学教育发展透析,补充计量学的发展及应用,移动技术应用领域信息服务相关研究进展,社会舆情分析研究与进展综述,大数据时代:思维变革、产业转型与数据科学兴起,国内外开放获取进展,信息质量评价研究进展等。
●
相关链接 在E读中查询图书 在五车中查询图书 在当当中查询图书 在豆瓣中查询图书


正题名:情报学进展     索取号:G250.2/147:11         预约/预借

序号 登录号 条形码 馆藏地/架位号 状态 备注
1 1005078   210050781   第一样本阅览室/ [索取号:G250.2/147:11] 在馆    
2 1005079   210050790   教育系资料室/ [索取号:G250.2/147:11] 在馆    
3 1005080   210050807   教育系资料室/ [索取号:G250.2/147:11] 在馆    
4 1005081   210050816   教育系资料室/ [索取号:G250.2/147:11] 在馆    
5 1005082   210050825   第四借阅区/ [索取号:G250.2/147:11] 在馆    
6 1005083   210050834   第四借阅区/ [索取号:G250.2/147:11] 在馆    
唐山师范学院图书馆 欢迎您!
大连网信软件有限公司© 版权所有